[Event "Spanish Women's Championship"]
[Site "Linares"]
[Date "2017.08.22"]
[Round "2"]
[White "Sosa Suarez, Carla Cristina"]
[Black "Ruiz de Leon Merlo, Esther"]
[Result "1-0"]
[WhiteElo "1911"]
[BlackElo "1696"]
[Board "9"]
[WhiteCountry "ESP"]
[WhiteFideId "24536350"]
[WhiteEloChange "4"]
[BlackCountry "ESP"]
[BlackFideId "22274553"]
[BlackEloChange "-4"]

1. e4 e5 2. Nf3 Nf6 3. Nxe5 d6 4. Nf3 Nxe4 5. Nc3 Nxc3 6. dxc3 Be7 7. Be3
Nc6 8. Qd2 Be6 9. a3 a6 10. O-O-O Qd7 11. Nd4 Nxd4 12. Bxd4 O-O 13. Be2
Rfe8 14. g4 f6 15. Rhg1 d5 16. Be3 Rad8 17. g5 fxg5 18. Bxg5 Bxg5 19. Rxg5
Rf8 20. Rdg1 Rf7 21. Qd4 Bf5 22. h4 Qe7 23. Bf3 c5 24. Qd2 d4 25. Re1 dxc3
26. Qxc3 Qc7 27. Qe5 Qxe5 28. Rxe5 Be6 29. Rg3 Rdf8 30. Be4 Re7 31. f3 b6
32. Rg1 Rd8 33. Re1 Rd6 34. Bf5 Kf7 35. h5 h6 36. f4 Kf6 37. Bh3 Bxh3 38.
Rxe7 Bg4 39. R7e5 Rd4 40. Rf1 g5 41. hxg6 Kxg6 42. f5+ Kf7 43. Re6 h5 44.
Rxb6 Be2 45. Re1 Bb5 46. b3 c4 47. a4 Bd7 48. Rxa6 cxb3 49. cxb3 Bxf5 50.
Rf1 Rd5 51. Rh6 Rc5+ 52. Kd2 Ke7 53. Rxh5 Rc2+ 54. Ke3 Be6 55. b4 Rc4 56.
Rb1 Kd6 57. Ra5 1-0

[Event "Spanish Women's Championship"]
[Site "Linares"]
[Date "2017.08.22"]
[Round "2"]
[White "Roces Heres, Sara"]
[Black "Beltran Ortiz, Edda Georgina"]
[Result "0-1"]
[WhiteElo "1567"]
[BlackElo "1906"]
[Board "10"]
[WhiteCountry "ESP"]
[WhiteFideId "24526282"]
[WhiteEloChange "-2"]
[BlackCountry "ESP"]
[BlackFideId "2257807"]
[BlackEloChange "2"]

1. d4 c5 2. d5 Nf6 3. c4 b5 4. cxb5 a6 5. bxa6 Bxa6 6. Nc3 g6 7. g3 d6 8.
Bg2 Bg7 9. Nf3 O-O 10. O-O Nbd7 11. Re1 Nb6 12. Rb1 Bc4 13. e4 Bxa2 14.
Nxa2 Rxa2 15. Bd2 Qa8 16. Bc3 Na4 17. Qb3 Nxc3 18. bxc3 Ng4 19. Rf1 Ra3 20.
Qb7 Qxb7 21. Rxb7 Re8 22. c4 Rc3 23. Nd2 Rc2 24. Bh3 Ne5 25. Rd1 Rxd2 26.
Rxd2 Nf3+ 27. Kg2 Nxd2 28. Bd7 Rd8 29. Bc6 Kf8 30. f3 Nxc4 31. Ra7 Bd4 32.
Ra4 Ne5 33. Bb5 Rb8 34. Bf1 Rb2+ 35. Kh3 Nxf3 0-1

[Event "Spanish Women's Championship"]
[Site "Linares"]
[Date "2017.08.22"]
[Round "2"]
[White "Guillo Longares, Cecilia"]
[Black "Gavira Valencia, Gizela"]
[Result "1-0"]
[WhiteElo "1899"]
[BlackElo "1476"]
[Board "11"]
[WhiteCountry "ESP"]
[WhiteFideId "32082681"]
[WhiteEloChange "2"]
[BlackCountry "ESP"]
[BlackFideId "24519600"]
[BlackEloChange "-2"]

1. d4 g6 2. c4 Bg7 3. g3 d6 4. Bg2 c5 5. Nf3 Nf6 6. O-O O-O 7. Nc3 cxd4 8.
Nxd4 Re8 9. h3 Nbd7 10. Be3 Nb6 11. b3 a6 12. Rc1 e6 13. Qd2 d5 14. cxd5
Nbxd5 15. Rfd1 Nxe3 16. Qxe3 Qb6 17. Na4 Qa7 18. Rc7 Rd8 19. Qc1 Ne8 20.
Nc6 Rxd1+ 21. Qxd1 1-0

[Event "Spanish Women's Championship"]
[Site "Linares"]
[Date "2017.08.22"]
[Round "2"]
[White "Garreta Nieto, Maria"]
[Black "Perdigones Gomez, Mercedes"]
[Result "1-0"]
[WhiteElo "1771"]
[BlackElo "1302"]
[Board "12"]
[WhiteCountry "ESP"]
[WhiteFideId "32024819"]
[WhiteEloChange "2"]
[BlackCountry "ESP"]
[BlackFideId "54538882"]
[BlackEloChange "-2"]

1. d4 g6 2. c4 Bg7 3. Nf3 d6 4. Nc3 c5 5. g3 Nd7 6. Bg2 Nb6 7. O-O cxd4 8.
Nxd4 Nxc4 9. Qa4+ Bd7 10. Qxc4 Rc8 11. Qd3 Qb6 12. Nb3 h5 13. Be3 Qb4 14.
Qe4 Qxe4 15. Bxe4 Bc6 16. Bxc6+ Rxc6 17. Bd4 Bxd4 18. Nxd4 Rc4 19. Nf3 a6
20. Rac1 e6 21. Rfd1 Ke7 22. b3 Rb4 23. Na4 Kd7 24. a3 Rb6 1-0

[Event "Spanish Women's Championship"]
[Site "Linares"]
[Date "2017.08.22"]
[Round "2"]
[White "De la Fuente de la Fuente, Alba"]
[Black "Gallego Sosa, Clara"]
[Result "0-1"]
[WhiteElo "1322"]
[BlackElo "1729"]
[Board "13"]
[WhiteCountry "ESP"]
[WhiteFideId "54512620"]
[WhiteEloChange "-2"]
[BlackCountry "ESP"]
[BlackFideId "22259252"]
[BlackEloChange "2"]

1. e4 c5 2. Nf3 d6 3. c3 Nf6 4. Be2 Nc6 5. Qc2 Bg4 6. O-O d5 7. d3 Qc7 8.
Nbd2 e6 9. d4 cxd4 10. cxd4 dxe4 11. Nxe4 Nd5 12. a3 Bxf3 13. Bxf3 Nxd4 14.
Qa4+ Nc6 15. Bd2 Be7 16. Rac1 O-O 17. Nc3 Nb6 18. Qe4 a6 19. Rfd1 Rad8 20.
Ne2 Qb8 21. Be3 Nd5 22. Bf4 Nxf4 23. Nxf4 Bd6 24. Nh5 Bxh2+ 25. Kh1 Be5 26.
b4 Bb2 27. Qg4 g6 28. Rc5 Ne5 29. Nf6+ Kg7 30. Nh5+ Kh8 31. Qe4 Nxf3 32.
Qxf3 Rxd1+ 33. Qxd1 gxh5 34. Rg5 Rc8 35. Rc5 Rxc5 36. bxc5 Qe5 37. a4 Qxc5
38. Qd8+ Kg7 39. g3 Qd5+ 40. Qxd5 exd5 0-1

[Event "Spanish Women's Championship"]
[Site "Linares"]
[Date "2017.08.22"]
[Round "3"]
[White "Ortin Blanco, Ainhoa"]
[Black "Vega Gutierrez, Sabrina"]
[Result "0-1"]
[BlackTitle "IM"]
[WhiteElo "1961"]
[BlackElo "2369"]
[Board "1"]
[WhiteCountry "ESP"]
[WhiteFideId "32010117"]
[WhiteEloChange "-2"]
[BlackCountry "ESP"]
[BlackFideId "2219026"]
[BlackEloChange "2"]

1. d4 d6 2. c4 e5 3. Nf3 e4 4. Ng5 f5 5. Nc3 Be7 6. Nh3 Nf6 7. e3 c6 8. d5
Nbd7 9. Be2 Ne5 10. O-O O-O 11. f3 exf3 12. Bxf3 cxd5 13. Nxd5 Nxf3+ 14.
Qxf3 Nxd5 15. Qxd5+ Kh8 16. b3 Bf6 17. Rb1 Qe7 18. Rd1 Be6 19. Qf3 g5 20.
Qe2 Bd7 21. Ba3 Be5 22. c5 dxc5 23. Bxc5 Qxc5 24. Rxd7 Qc6 25. Rbd1 g4 26.
Ng5 Kg8 27. Qc4+ Qxc4 28. bxc4 Rae8 29. Nxh7 Rf7 30. Ng5 Rxd7 31. Rxd7 Bf6
32. Nf7 Rxe3 33. Nh6+ Kh8 34. Nxf5 Ra3 35. Rxb7 Rxa2 36. Rf7 Be5 37. Re7
Ra1+ 38. Kf2 Bxh2 39. g3 Bg1+ 40. Ke2 a5 41. Kd2 Bc5 42. Kc2 Bxe7 43. Nxe7
Kg7 44. Nf5+ Kf6 45. Ne3 Ke5 46. c5 Ra4 47. Kb3 Re4 48. Nc4+ Kd5 49. Nxa5
Kxc5 50. Kc2 Re2+ 51. Kd3 Rb2 52. Kc3 Rb4 0-1

[Event "Spanish Women's Championship"]
[Site "Linares"]
[Date "2017.08.22"]
[Round "3"]
[White "Vega Gutierrez, Belinda"]
[Black "Garcia Vicente, Nieves"]
[Result "1/2-1/2"]
[WhiteTitle "WIM"]
[BlackTitle "WIM"]
[WhiteElo "2178"]
[BlackElo "2137"]
[Board "2"]
[WhiteCountry "ESP"]
[WhiteFideId "2229994"]
[WhiteEloChange "-1"]
[BlackCountry "ESP"]
[BlackFideId "2201542"]
[BlackEloChange "1"]

1. e4 e5 2. Nf3 Nc6 3. Bb5 Nf6 4. d3 Bc5 5. Bxc6 dxc6 6. Qe2 Qe7 7. Nbd2
Bg4 8. h3 Bh5 9. Nc4 Nd7 10. g4 Bg6 11. Be3 O-O-O 12. O-O-O f6 13. Nh4 Bf7
14. Nf5 Qf8 15. d4 exd4 16. Bxd4 g6 17. Bxc5 Nxc5 18. Rxd8+ Qxd8 19. Rd1
Qf8 20. Ng3 Qe7 21. Kb1 Re8 22. f3 b6 23. Ne3 Kb7 24. Qd2 a5 25. Qd4 Qe5
26. Qxe5 fxe5 27. h4 Be6 28. b3 Rf8 29. Rf1 Kc8 30. Kb2 Kd7 31. Kc3 Ke7 32.
Ne2 Bc8 33. Ng3 Ba6 34. Rf2 Ne6 35. Ngf1 Nd4 36. Nd2 Nb5+ 37. Kb2 Nd6 38.
c4 Nb7 39. Kc2 Nc5 40. Rg2 Ne6 41. Rf2 Bc8 42. Kc3 Nc5 43. Rh2 Rd8 44. Kc2
Kf7 45. Rg2 Nd3 46. Rh2 Kg7 47. Re2 Nc5 48. Rh2 Ne6 1/2-1/2

[Event "Spanish Women's Championship"]
[Site "Linares"]
[Date "2017.08.22"]
[Round "3"]
[White "Matnadze, Ana"]
[Black "Redondo Arguelles, Graciela"]
[Result "1-0"]
[WhiteTitle "IM"]
[BlackTitle "WFM"]
[WhiteElo "2389"]
[BlackElo "1997"]
[Board "3"]
[WhiteCountry "ESP"]
[WhiteFideId "13601377"]
[WhiteEloChange "2"]
[BlackCountry "ESP"]
[BlackFideId "2219824"]
[BlackEloChange "-2"]

1. d4 d5 2. Nf3 Nf6 3. g3 c6 4. Bg2 e6 5. O-O Bd6 6. c4 Nbd7 7. b3 O-O 8.
Bb2 b6 9. Nc3 Bb7 10. Nd2 Qe7 11. e4 dxe4 12. Ndxe4 Ba3 13. Bxa3 Qxa3 14.
c5 bxc5 15. dxc5 Nxe4 16. Nxe4 Nxc5 17. Qd6 1-0

[Event "Spanish Women's Championship"]
[Site "Linares"]
[Date "2017.08.22"]
[Round "3"]
[White "Calzetta Ruiz, Monica"]
[Black "Rodriguez Redondo, Adhara"]
[Result "1-0"]
[WhiteTitle "WGM"]
[WhiteElo "2288"]
[BlackElo "1726"]
[Board "4"]
[WhiteCountry "ESP"]
[WhiteFideId "2204185"]
[WhiteEloChange "2"]
[BlackCountry "ESP"]
[BlackFideId "32065698"]
[BlackEloChange "-2"]

1. e4 e5 2. Nf3 Nc6 3. Bb5 Bc5 4. c3 Nf6 5. d3 O-O 6. O-O Re8 7. Bg5 Be7 8.
Nbd2 d6 9. h3 h6 10. Be3 Bf8 11. c4 a6 12. Ba4 Rb8 13. Rc1 Bd7 14. Re1 b5
15. cxb5 axb5 16. Bb3 Na5 17. Bc2 c5 18. Nf1 Be6 19. Bb1 Nc6 20. Ng3 g6 21.
Nh2 Bg7 22. f4 exf4 23. Bxf4 Rc8 24. Nf3 Nh7 25. Qd2 g5 26. Be3 Qf6 27. b3
Ne5 28. Nh2 Qg6 29. Nf5 Bxf5 30. exf5 Qf6 31. d4 cxd4 32. Bxd4 Qd8 33. Kh1
Nf6 34. Rcd1 Nc6 35. Bf2 Rxe1+ 36. Qxe1 d5 37. Nf3 Qe7 38. Qxe7 Nxe7 39.
Nd4 Ne4 40. Bxe4 dxe4 41. Nxb5 Nxf5 42. g4 Rc2 43. Kg1 e3 44. Be1 Ne7 45.
a4 Ng6 46. a5 Ra2 47. Rd3 e2 48. Rd2 Rxd2 49. Bxd2 Ne5 50. Kf2 Nc6 51. Kxe2
Bf8 52. a6 Bc5 53. Be3 Bxe3 54. Kxe3 1-0

[Event "Spanish Women's Championship"]
[Site "Linares"]
[Date "2017.08.22"]
[Round "3"]
[White "Perera Borrego, Maria Adela"]
[Black "Redondo Benavente, Ana"]
[Result "1-0"]
[WhiteTitle "WFM"]
[BlackTitle "WFM"]
[WhiteElo "2116"]
[BlackElo "2022"]
[Board "5"]
[WhiteCountry "ESP"]
[WhiteFideId "22238255"]
[WhiteEloChange "7"]
[BlackCountry "ESP"]
[BlackFideId "32021674"]
[BlackEloChange "-7"]

1. Nf3 Nf6 2. d4 d6 3. Bf4 g6 4. e3 Bg7 5. h3 O-O 6. Be2 c5 7. c3 Be6 8.
Nbd2 Qb6 9. Qc2 Nc6 10. O-O Rac8 11. dxc5 Qxc5 12. e4 d5 13. Nb3 Qb6 14.
Be3 Qc7 15. Nc5 Nxe4 16. Nxe4 dxe4 17. Qxe4 Bf5 18. Qh4 e5 19. Rfd1 f6 20.
Qc4+ Qf7 21. Qxf7+ Kxf7 22. Bc4+ Ke8 23. Bc5 Rh8 24. g4 b6 25. Bd6 Bd7 26.
Ba6 h5 27. g5 f5 28. Bxc8 Bxc8 29. Nxe5 Bxe5 30. Bxe5 Rh7 31. Bf6 f4 32.
Rd6 Ne7 33. Re1 Bf5 34. Rd4 Bxh3 35. Rde4 Kd7 36. Rxe7+ Rxe7 37. Rxe7+ Kd6
38. Rxa7 Kd5 1-0

[Event "Spanish Women's Championship"]
[Site "Linares"]
[Date "2017.08.22"]
[Round "3"]
[White "Gallego Sosa, Clara"]
[Black "Prado Acebo, Ines"]
[Result "0-1"]
[BlackTitle "WFM"]
[WhiteElo "1729"]
[BlackElo "2107"]
[Board "6"]
[WhiteCountry "ESP"]
[WhiteFideId "22259252"]
[WhiteEloChange "-2"]
[BlackCountry "ESP"]
[BlackFideId "22251235"]
[BlackEloChange "2"]

1. e4 c5 2. Nf3 e6 3. d4 cxd4 4. Nxd4 a6 5. Nc3 Qc7 6. Bd3 Nf6 7. O-O b5 8.
Be3 Bb7 9. a3 d6 10. f4 Nbd7 11. Nb3 Be7 12. Qe1 O-O 13. Rf3 Nc5 14. Nxc5
dxc5 15. e5 Nd5 16. Rh3 g6 17. Bd2 Nxc3 18. Bxc3 Qc6 19. Qg3 c4 20. Be2 a5
21. Rf1 b4 22. axb4 axb4 23. Bd4 Qe4 24. Qf2 Qxc2 25. Qe3 Qe4 26. Qf2 Rfd8
27. Be3 Qc6 28. Rc1 c3 29. bxc3 b3 30. Bd1 Ra2 31. Bf3 Qa4 32. Qf1 b2 33.
Rb1 Bxf3 34. Rxf3 Ra1 35. Bd4 Qa2 0-1

[Event "Spanish Women's Championship"]
[Site "Linares"]
[Date "2017.08.22"]
[Round "3"]
[White "Gil Quilez, Sonia"]
[Black "Guillo Longares, Cecilia"]
[Result "1-0"]
[WhiteTitle "WFM"]
[WhiteElo "2057"]
[BlackElo "1899"]
[Board "7"]
[WhiteCountry "ESP"]
[WhiteFideId "2263980"]
[WhiteEloChange "6"]
[BlackCountry "ESP"]
[BlackFideId "32082681"]
[BlackEloChange "-6"]

1. d4 Nf6 2. c4 c5 3. d5 e6 4. Nc3 exd5 5. cxd5 d6 6. e4 g6 7. Bf4 a6 8. a4
Bg7 9. Be2 O-O 10. Nf3 Bg4 11. Nd2 Bxe2 12. Qxe2 Nh5 13. Be3 Nd7 14. a5 Ne5
15. g4 Nf6 16. h3 b5 17. axb6 Qxb6 18. Ra2 Rfe8 19. O-O Qb4 20. Rb1 a5 21.
Ra4 Qb6 22. f4 Ned7 23. Nc4 Qb8 24. Qd3 Nb6 25. Rxa5 Nxc4 26. Rxa8 Qxa8 27.
Qxc4 Qc8 28. Kh2 Nd7 29. Re1 Qb8 30. Bc1 Qd8 31. Bd2 Qh4 32. Kg2 Bd4 33.
Re2 h5 34. Be1 Qf6 35. Bg3 hxg4 36. hxg4 g5 37. e5 dxe5 38. Ne4 Qg6 39. f5
Qh6 40. Qb5 Rd8 41. d6 Kg7 42. Re1 Nf6 43. Rh1 Qxh1+ 44. Kxh1 Nxe4 45. Kg2
Nxg3 46. Qb6 Rh8 47. Kxg3 e4 48. d7 Bf6 49. Qxc5 Bxb2 50. Qe7 Bf6 51. Qxe4
Rb8 52. Qd5 Rd8 53. Kf3 Kf8 54. Qd6+ Be7 55. Qh6+ Kg8 56. f6 Bxf6 57. Qxf6
Rxd7 58. Qxg5+ Kf8 59. Qc5+ Kg7 60. Kf4 Rd1 61. Qe5+ f6 62. Qc7+ Kh6 63.
Qc4 Rd2 64. Qc3 Rd6 65. Kf5 Ra6 66. g5+ Kh7 67. Qc7+ 1-0

[Event "Spanish Women's Championship"]
[Site "Linares"]
[Date "2017.08.22"]
[Round "3"]
[White "Pablos Tenrero, Raquel"]
[Black "Garreta Nieto, Maria"]
[Result "1-0"]
[WhiteElo "2008"]
[BlackElo "1771"]
[Board "8"]
[WhiteCountry "ESP"]
[WhiteFideId "2216213"]
[WhiteEloChange "4"]
[BlackCountry "ESP"]
[BlackFideId "32024819"]
[BlackEloChange "-4"]

1. d4 d5 2. Nc3 Nc6 3. Bf4 a6 4. e3 Bf5 5. a3 e6 6. f3 Nf6 7. g4 Bg6 8. h4
h5 9. g5 Nd7 10. Bd3 Bxd3 11. Qxd3 Bd6 12. Bxd6 cxd6 13. g6 f5 14. Nge2 Qf6
15. Nf4 Ne7 16. O-O-O O-O-O 17. Rhg1 Rh6 18. Rg5 Rdh8 19. Rdg1 Nf8 20. Na4
Nd7 21. Qb3 Kc7 22. c4 e5 23. Nxd5+ Nxd5 24. cxd5 exd4 25. Qc4+ Kb8 26.
Qxd4 Rc8+ 27. Nc3 Ne5 28. R5g3 Rc4 29. Qd1 Rxh4 30. Ne2 Nc4 31. Qb3 Ne5 32.
f4 Nd7 33. Nd4 Nc5 34. Qb6 Rh2 35. R3g2 Rxg2 36. Rxg2 Ka8 37. b4 Ne4 38.
Rc2 Rh8 39. Rc7 Rb8 40. b5 Nc5 41. bxa6 Nxa6 42. Nb5 Qa1+ 43. Kd2 Qa2+ 44.
Rc2 Qxd5+ 45. Kc1 Qh1+ 46. Kb2 Nc5 1-0

[Event "Spanish Women's Championship"]
[Site "Linares"]
[Date "2017.08.22"]
[Round "3"]
[White "Rodriguez Perez, Marta"]
[Black "Sosa Suarez, Carla Cristina"]
[Result "0-1"]
[WhiteElo "1277"]
[BlackElo "1911"]
[Board "9"]
[WhiteCountry "ESP"]
[WhiteFideId "24541656"]
[WhiteEloChange "-2"]
[BlackCountry "ESP"]
[BlackFideId "24536350"]
[BlackEloChange "2"]

1. c4 e6 2. Nc3 d5 3. cxd5 exd5 4. d4 Nf6 5. Nf3 c6 6. e3 Bd6 7. Bd3 O-O 8.
O-O Bg4 9. h3 Bh5 10. e4 dxe4 11. Nxe4 Nxe4 12. Bxe4 Bg6 13. Bxg6 hxg6 14.
Ne5 Nd7 15. Bf4 Nb6 16. Nd3 Bxf4 17. Nxf4 Qf6 18. Ne2 Rad8 19. Qc2 Rd5 20.
Rad1 Rfd8 21. Rd3 Qf5 22. Ng3 Qf4 23. Ne2 Qd6 24. Rfd1 Nd7 25. Nc1 Nf8 26.
Ne2 Ne6 27. Qd2 Qc7 28. Nc3 Rxd4 29. Rxd4 Rxd4 30. Qc2 Qe5 31. Rxd4 Qxd4
32. Ne2 Qd6 33. Kf1 Nc5 34. Kg1 a5 35. Nc3 Qd3 36. Qc1 Ne6 37. Na4 Nd4 38.
Nc3 b5 39. Qg5 Ne6 40. Qe5 Qd4 41. Qb8+ Kh7 42. a3 Qd2 43. Qc8 Qxb2 44.
Qxc6 Qc1+ 45. Kh2 b4 46. axb4 axb4 47. Qe8 bxc3 48. Qxf7 Qf4+ 0-1

[Event "Spanish Women's Championship"]
[Site "Linares"]
[Date "2017.08.22"]
[Round "3"]
[White "Beltran Ortiz, Edda Georgina"]
[Black "Acebal Muniz, Maria Concepcion"]
[Result "1-0"]
[WhiteElo "1906"]
[BlackElo "1220"]
[Board "10"]
[WhiteCountry "ESP"]
[WhiteFideId "2257807"]
[WhiteEloChange "2"]
[BlackCountry "ESP"]
[BlackFideId "2240491"]
[BlackEloChange "-2"]

1. e4 e5 2. Nc3 Nf6 3. Bc4 Bc5 4. Nf3 Nxe4 5. Nxe4 d5 6. Nxc5 dxc4 7. O-O
O-O 8. Qe2 b6 9. Qe4 c6 10. Na4 Bb7 11. Nxe5 b5 12. Nc5 Qc7 13. d4 Re8 14.
Qf3 Re7 15. Bf4 Qd8 16. c3 f6 17. Nxb7 Rxb7 18. Nxc6 Nxc6 19. Qxc6 Re7 20.
Rfe1 Rf7 21. Re2 a6 22. Rae1 Rf8 23. Re7 Qc8 24. Rc7 Qg4 25. Qe6+ Qxe6 26.
Rxe6 Rfe8 27. Ree7 Rxe7 28. Rxe7 a5 29. Rb7 b4 30. Kf1 bxc3 31. bxc3 a4 32.
Rb8+ Rxb8 33. Bxb8 Kf7 34. Bd6 Ke6 35. Bf8 g6 36. Ke2 Kd5 37. Ke3 f5 38.
Kf4 Ke6 39. h4 Kd5 40. h5 g5+ 41. Kxf5 g4 42. Kxg4 Ke4 43. a3 Kd3 44. Bb4
Ke4 45. f4 Kd5 46. Kf5 Kc6 47. Ke6 Kc7 48. Ke7 Kc6 49. f5 Kd5 50. f6 h6 51.
f7 Kc6 52. f8=Q Kd5 53. Qf3# 1-0

[Event "Spanish Women's Championship"]
[Site "Linares"]
[Date "2017.08.22"]
[Round "3"]
[White "Ruiz de Leon Merlo, Esther"]
[Black "Hernandez Estevez, Yudania"]
[Result "0-1"]
[BlackTitle "WIM"]
[WhiteElo "1696"]
[BlackElo "2211"]
[Board "11"]
[WhiteCountry "ESP"]
[WhiteFideId "22274553"]
[WhiteEloChange "-2"]
[BlackCountry "ESP"]
[BlackFideId "2219344"]
[BlackEloChange "2"]

1. e4 d5 2. exd5 Qxd5 3. Nc3 Qd6 4. Nf3 Nf6 5. Bc4 a6 6. a3 Bg4 7. h3 Bh5
8. O-O Nc6 9. Be2 e6 10. d3 Be7 11. Re1 Rd8 12. Bg5 h6 13. Bxf6 gxf6 14.
Ne4 Qd5 15. Ng3 Bg6 16. Nd2 Nd4 17. Bf3 Qc5 18. Nc4 Nxc2 19. Qxc2 Bxd3 20.
Qc3 Qxc4 21. Qxc4 Bxc4 22. Bxb7 c5 23. Rec1 Bd3 24. Rc3 O-O 25. Be4 Bb5 26.
a4 Be8 27. Bb7 f5 28. Nh5 a5 29. b3 Kh8 30. Re1 Rd4 31. Ba6 Bc6 32. Bd3 Rg8
33. Ng3 Bd6 34. Bf1 Bd5 35. Ne2 Rb4 36. Rb1 Rgb8 37. Nc1 Rxa4 38. Nd3 Ra3
39. Nxc5 a4 40. Rcc1 axb3 41. Nd7 Rd8 42. Nf6 b2 43. Rd1 Be5 44. Nxd5 Ra1
45. Bc4 exd5 46. Bd3 Rc8 0-1

[Event "Spanish Women's Championship"]
[Site "Linares"]
[Date "2017.08.22"]
[Round "3"]
[White "Vicens Company, Maria Antonia"]
[Black "Roces Heres, Sara"]
[Result "1/2-1/2"]
[WhiteElo "1838"]
[BlackElo "1567"]
[Board "12"]
[WhiteCountry "ESP"]
[WhiteFideId "2280680"]
[WhiteEloChange "-7"]
[BlackCountry "ESP"]
[BlackFideId "24526282"]
[BlackEloChange "7"]

1. e4 e6 2. d4 d5 3. Bd3 Nf6 4. exd5 exd5 5. Nf3 Bg4 6. Bg5 Be7 7. Nbd2
Nbd7 8. O-O O-O 9. Re1 Re8 10. c4 c6 11. Rc1 Rc8 12. Qc2 h6 13. Bh4 Be6 14.
c5 Nh5 15. Bxe7 Rxe7 16. Qa4 a6 17. a3 Nf4 18. Bb1 Bg4 19. Rxe7 Qxe7 20.
Re1 Ne6 21. Qc2 Ndf8 22. Qc3 Bh5 23. Ne5 Qg5 24. Ndf3 Qf6 25. b4 Ng6 26.
Nxg6 Bxg6 27. Bxg6 Qxg6 28. Ne5 Qg5 29. Nf3 Qg6 30. Qe3 Qf6 31. Qe5 Qxe5
32. Rxe5 Re8 33. Kf1 f6 34. Re3 Kf7 35. g3 Ng5 36. Nxg5+ hxg5 37. Rxe8 Kxe8
38. g4 Kf7 39. Kg2 g6 40. Kg3 Ke6 41. f4 gxf4+ 42. Kxf4 g5+ 43. Kf3 Kf7 44.
Kg3 Kg6 45. h4 gxh4+ 46. Kxh4 Kh6 47. Kh3 Kg5 48. Kg3 f5 49. gxf5 Kxf5 50.
Kf3 Kg5 51. Kg3 Kf5 52. Kf3 Kg5 53. Ke3 Kf5 54. a4 Kg5 55. Kf3 1/2-1/2

[Event "Spanish Women's Championship"]
[Site "Linares"]
[Date "2017.08.22"]
[Round "3"]
[White "Gavira Valencia, Gizela"]
[Black "De la Fuente de la Fuente, Alba"]
[Result "0-1"]
[WhiteElo "1476"]
[BlackElo "1322"]
[Board "13"]
[WhiteCountry "ESP"]
[WhiteFideId "24519600"]
[WhiteEloChange "-14"]
[BlackCountry "ESP"]
[BlackFideId "54512620"]
[BlackEloChange "14"]

1. d4 Nf6 2. e3 e6 3. f4 d5 4. Bd3 c5 5. c3 Nc6 6. Nf3 Be7 7. O-O cxd4 8.
cxd4 Nb4 9. Be2 Ne4 10. a3 Nc6 11. Nbd2 O-O 12. Ne5 f6 13. Nxc6 bxc6 14.
Nxe4 dxe4 15. Qc2 Qd5 16. Bc4 Qf5 17. b4 Kh8 18. Bb3 Bd7 19. Bb2 Qg6 20.
Rac1 f5 21. Rf2 Rac8 22. Qd1 Qe8 23. Bc4 Qd8 24. g3 Qb6 25. g4 a5 26. g5
axb4 27. a4 Qa7 28. Bb3 c5 29. d5 exd5 30. Qxd5 Qc7 31. Be5 Qc6 32. Bxg7+
Kxg7 33. Qe5+ Bf6 34. gxf6+ Qxf6 35. Rg2+ Kh6 36. Rd1 Qxe5 37. fxe5 Be8 38.
Rd6+ Bg6 39. Bc4 f4 40. Kf2 fxe3+ 41. Kxe3 Rf3+ 42. Ke2 Rcf8 43. e6 Kh5 44.
Rd5+ R8f5 45. Rxf5+ Rxf5 46. a5 Rf8 47. Rg3 Kh6 48. e7 Re8 49. Rg4 Bh5 50.
h3 Bxg4+ 51. hxg4 Rxe7 52. Ke3 Kg5 53. a6 Kxg4 54. Be2+ 0-1

[Event "Spanish Women's Championship"]
[Site "Linares"]
[Date "2017.08.23"]
[Round "4"]
[White "Vega Gutierrez, Sabrina"]
[Black "Matnadze, Ana"]
[Result "1-0"]
[WhiteTitle "IM"]
[BlackTitle "IM"]
[WhiteElo "2369"]
[BlackElo "2389"]
[Board "1"]
[WhiteCountry "ESP"]
[WhiteFideId "2219026"]
[WhiteEloChange "11"]
[BlackCountry "ESP"]
[BlackFideId "13601377"]
[BlackEloChange "-11"]

1. d4 Nf6 2. Nf3 e6 3. e3 b6 4. Bd3 Bb7 5. Nbd2 g6 6. e4 Bg7 7. O-O O-O 8.
Re1 d6 9. Nf1 c5 10. c3 Nc6 11. a3 cxd4 12. cxd4 Rc8 13. b4 Nh5 14. Bg5 Qd7
15. Bb5 a6 16. Ba4 b5 17. Bb3 h6 18. Be3 Ne7 19. Qd3 Rc7 20. Ng3 Nxg3 21.
hxg3 Rfc8 22. Bd2 Kh7 23. g4 g5 24. Nh2 Ng6 25. g3 Qd8 26. Rac1 Qh8 27.
Rxc7 Rxc7 28. Be3 Qc8 29. Bd2 Qh8 30. Be3 Qa8 31. f3 a5 32. Qxb5 Rc3 33.
bxa5 Rxe3 34. Rxe3 Bxd4 35. Qd3 Qa7 36. Kf2 Ba6 37. Qd2 Qc5 38. a4 Ne5 39.
f4 Nd3+ 40. Kf3 Bxe3 41. Qxe3 Qxa5 42. Bd1 Ne1+ 43. Kf2 Nd3+ 44. Kg2 gxf4
45. gxf4 e5 46. f5 Nf4+ 47. Kg3 Qb4 48. Nf3 Bb7 49. Qb3 Ne2+ 50. Kf2 Qxb3
51. Bxb3 Nc3 52. Nd2 Kg7 53. Ke3 d5 54. exd5 Nxd5+ 55. Ke4 Nf6+ 56. Kxe5
Nxg4+ 57. Kf4 Nf6 58. a5 Nd7 59. Bc4 Nc5 60. Nb3 Nxb3 61. Bxb3 Ba6 62. Ke5
h5 63. Bd5 f6+ 64. Ke6 h4 65. Bg2 Bc4+ 66. Ke7 Bd3 67. Bb7 h3 68. a6 h2 69.
a7 1-0

[Event "Spanish Women's Championship"]
[Site "Linares"]
[Date "2017.08.23"]
[Round "4"]
[White "Garcia Vicente, Nieves"]
[Black "Calzetta Ruiz, Monica"]
[Result "0-1"]
[WhiteTitle "WIM"]
[BlackTitle "WGM"]
[WhiteElo "2137"]
[BlackElo "2288"]
[Board "2"]
[WhiteCountry "ESP"]
[WhiteFideId "2201542"]
[WhiteEloChange "-6"]
[BlackCountry "ESP"]
[BlackFideId "2204185"]
[BlackEloChange "6"]

1. d4 Nf6 2. Nf3 c5 3. e3 e6 4. Bd3 b6 5. Qe2 Bb7 6. O-O Nc6 7. c3 d5 8.
Nbd2 Be7 9. Ne5 c4 10. Bc2 Nxe5 11. dxe5 Nd7 12. f4 b5 13. Nf3 O-O 14. Nd4
Qb6 15. Qg4 f5 16. exf6 Rxf6 17. Bd2 Nc5 18. Qe2 Raf8 19. a3 Ne4 20. Rad1
Bc5 21. Bc1 a5 22. Bd2 Kh8 23. Bxe4 dxe4 24. Kh1 Ba6 25. h3 Bd6 26. Nc2 e5
27. Qg4 Bc8 28. Qe2 h6 29. fxe5 Bxe5 30. Nd4 Bb8 31. Rxf6 Qxf6 32. Rb1 Qd6
33. g4 Qg3 34. Qg2 Rf2 35. Qxg3 Bxg3 36. Bc1 h5 37. b3 hxg4 38. hxg4 Bxg4
39. Rb2 cxb3 40. Rxf2 Bxf2 41. Nxb3 Bf3+ 42. Kh2 g5 43. Nd4 g4 44. Nf5 Kh7
45. Bd2 a4 46. Ng3 Kg6 47. Nh1 Bh4 48. Kg1 g3 49. Be1 Bxh1 0-1